| 000 | 04572nkm0a2200529 4500 | ||
|---|---|---|---|
| 001 | RU\NLR\BIBL_A\022725625 | ||
| 005 | 20260408151128.0 | ||
| 035 | _a(NLR Aleph) 022725625 | ||
| 090 |
_a13554052 _c13554052 |
||
| 100 | _a20260211d1903 u y0rusy50 ca | ||
| 101 | 0 | _arus | |
| 102 | _aRU | ||
| 116 | _adiybxx zz ae | ||
| 135 | _acrcn 024anaba | ||
| 181 | 0 |
_ab4 _bxb2e |
|
| 182 | 0 | _an | |
| 200 | 1 |
_aТорговая школа _e[Александровск] _eоткрытое письмо |
|
| 203 |
_aИзображение _bнеподвижное _bдвухмерное _bвизуальное _cнепосредственное |
||
| 210 |
_aСПБ [Санкт-Петербург] _cТип. Н. Я. Стойковой _dценз. 1903 |
||
| 215 |
_a1 л. _cфотомех. печ. _d9,1х14 |
||
| 300 | _aЦенз. разрешение: Дозв. ценз. Спб. 5 июня 1903 г. | ||
| 316 |
_aЭкз. РНБ на шифре Э ОТ63/З-332, Эот101127: под изобр. рукоп. помета карандашом _5NLR: Э ОТ63/З-332 |
||
| 325 | _aКопия доступна в Электрон. б-ке РНБ | ||
| 327 | 0 | _aТорговая школа имени статс-секретаря С. Ю. Витте в городе Александровске Екатеринославской губернии (в бывшем здании городской женской гимназии) | |
| 606 | 1 |
_aПочтовые открытки маркированные художественные _yРоссия _z1895 - 1917 _92195710 _3RU\NLR\AUTH\6601555036 |
|
| 606 | 1 |
_aФотографические открытки _92151039 _3RU\NLR\AUTH\661600135 |
|
| 606 | 1 |
_aОбщеобразовательные торговые школы _jОткрытки _yРоссия _92469215 _3RU\NLR\AUTH\6601683716 |
|
| 610 | 1 | _aВидовые открытки | |
| 617 |
_aРоссия _cЕкатеринославская губерния _cАлександровский уезд _dАлександровск, город _eТорговая школа имени статс-секретаря С. Ю. Витте |
||
| 686 | 0 | _aЩ153(2Р=Рус)53-489 | |
| 711 | 0 | 2 |
_aАлександровская торговая школа им. С. Ю. Витте _cЕкатеринославская губ. _3RU\NLR\AUTH\880638716 _92697228 |
| 712 | 0 | 2 |
_4650 _4610 _a"Электротипография Н. Я. Стойковой", товарищество _cПетербург _3RU\NLR\AUTH\8810229198 _9343237 |
| 830 | _a"Бывшее здание городской женской гимназии, ныне отведенное городом под торговую школу имени статс-секретаря С. Ю. Витте": Отчет Александровской городской женской гимназии : Г. Александровск. [1897-1903]. - Александровск, [1903]. - С. 22. АЯ ОЭФ | ||
| 830 | _aСр.: https://web.archive.org/web/20220127174120/https://reporter-ua.com/city/zp-vchera-i-segodnya/aleksandrovsk-zaporozhe-unikalnye-foto-nashego-goroda-togda-i-seychas (11.02.2026). АЯ ОЭФ | ||
| 830 | _a"Александровское городское коммерческое училище имени статс-секретаря графа С. Ю. Витте ... В 1901 году по инициативе гласного городской думы Феликса Мовчановского начала действовать торговая школа, которую в 1905 году реорганизовали в семиклассное коммерческое училище. В начале сентября 1908 года училище переехало в новое учебное здание, сооружённое по проекту архитектора Д. К. Тиссена": https://ru.wikipedia.org/wiki/Александровское_городское_коммерческое_училище (11.02.2026). АЯ ОЭФ | ||
| 852 | 0 | 0 |
_aNLR _bЭ _jОТ63/З-332 _mЭот101127 |
| 856 | 0 | _uhttps://vivaldi.nlr.ru/lo500030052/view | |
| 856 | 1 | _uhttps://vivaldi.nlr.ru/lo500030052/cover | |
| 856 | 2 | _uhttps://vivaldi.nlr.ru/lo500030052/text | |
| 942 | _cVISUAL | ||
| 980 | _aNB | ||
| 981 | 1 | 7 |
_a(17) Изографические материалы _b(17) Открытки |